header

Biopolymer nanocomposites (Record no. 36361)

MARC details
000 -LEADER
fixed length control field 01321nam a2200337Ia 4500
082 04 - DEWEY DECIMAL CLASSIFICATION NUMBER
Classification number 572
245 00 - TITLE STATEMENT
Title Biopolymer nanocomposites
260 ## - PUBLICATION, DISTRIBUTION, ETC. (IMPRINT)
Place of publication Hoboken, NJ :
Name of publisher John Wiley and Sons, Inc.,
Year of publication c2013.
300 ## - PHYSICAL DESCRIPTION
Number of Pages xii, 684 p. :
Other physical details ill.
650 #0 - SUBJECT ADDED ENTRY--TOPICAL TERM
Topical Term Biopolymers.
Topical Term Nanocomposites (Materials)
700 1# - ADDED ENTRY--PERSONAL NAME
Personal name Dufresne, Alain,
Personal name Thomas, Sabu.
Personal name Pothan, Laly A.
856 40 - ELECTRONIC LOCATION AND ACCESS
Uniform Resource Identifier http://site.ebrary.com/lib/rucke/Doc?id=10738071

No items available.

© 2026 Rongo University
Contact us: librarian | system librarian | Rongo university